000 00351 a2200133 4500
005 20250626172644.0
020 _a9780691136677
082 _a332.042 SER
100 _aSERCU,P.
245 _aInternational Finance: theory into Practice
260 _aNew York
_bprinceton University
_c2009
300 _axiii,816p.:tables
_bIndex
_c25cm.
942 _2ddc
_cBKS
999 _c5455
_d5455